00552nam a2200145 a 450000100100000000500170001000800410002704000250006808200150009310000230010824500410013126000640017230000300023650001400026600003333520200930070203.0110824s1953 dr c 000 0 spa d aDO-SdBNPbspacBNPHU axxxbC471b1 aChardon, Carlos E.10aBoussingault : /cCarlos E. Chardon. aCiudad Trujillo, República Dominicana :bMontalvo,c1953. a109 p. :bretr. ;c24 cm. aJuicio crítico del eminente agrónomo del siglo XIX, su viaje a la gran Colombia y sus relaciones con El Libertador y Mnuelita Saenz